000 00550nam a2200193Ia 4500
005 20250508153637.0
008 008 250505s9999 xx 000 0 eng d
037 _aTextual
040 _aFEDL
_beng
_cFEDL
041 _aeng
_2eng
084 _a371.2, BAR
_qFEDL
100 _aBartky John A
_9139811
245 0 _aAdministration : As educational leadership
260 _aStanford
_bStanford Univeristy Press
_c1956
300 _a256p.
650 _aSchool Administration
942 _cTEXL
_h371.2, BAR
999 _c1344600
_d1344600